Southville International School and Colleges
Your cart is empty.
  • Cart
  • Lists
    Public lists Eva Luna New books Lux_list list_1
    Your lists Log in to create your own lists
  • Log in to your account
  • Your cookies
  • Search history
Southville International School and Colleges
  • Advanced search
  • Recent comments
  • Most popular
  • Libraries

Log in to your account

Log in with GOOGLE


If you do not have an external account, but do have a local account, you can still log in:

  1. Home
  2. MARC view: Tasty starters and salads /
Normal view MARC view ISBD view

Tasty starters and salads / (Record no. 10558)

[ view plain ]
MARC details
000 -LEADER
fixed length control field 00534nam a22002057a 4500
003 - CONTROL NUMBER IDENTIFIER
control field OSt
005 - DATE AND TIME OF LATEST TRANSACTION
control field 20140310182215.0
008 - FIXED-LENGTH DATA ELEMENTS--GENERAL INFORMATION
fixed length control field 130906t xxu||||| |||| 00| 0 eng d
020 ## - INTERNATIONAL STANDARD BOOK NUMBER
International Standard Book Number 1856277410
050 ## - LIBRARY OF CONGRESS CALL NUMBER
Classification number TX 740
Item number .T215 1995
082 ## - DEWEY DECIMAL CLASSIFICATION NUMBER
Classification number HS 641.83
Item number T18 1995
245 ## - TITLE STATEMENT
Title Tasty starters and salads /
260 ## - PUBLICATION, DISTRIBUTION, ETC. (IMPRINT)
Place of publication, distribution, etc London :
Name of publisher, distributor, etc Grange Books,
Date of publication, distribution, etc c1995.
300 ## - PHYSICAL DESCRIPTION
Extent 124 p. :
Dimensions 28 cm.
500 ## - GENERAL NOTE
General note includes index.
650 ## - SUBJECT ADDED ENTRY--TOPICAL TERM
Topical term or geographic name as entry element Cookey.
9 (RLIN) 16949
650 ## - SUBJECT ADDED ENTRY--TOPICAL TERM
Topical term or geographic name as entry element Salads (recipes)
9 (RLIN) 16963
942 ## - ADDED ENTRY ELEMENTS (KOHA)
Source of classification or shelving scheme Library of Congress Classification
Koha item type
Holdings
Withdrawn status Lost status Source of classification or shelving scheme Damaged status Home library Current library Shelving location Date acquired Total Checkouts Full call number Barcode Date last seen Copy number Price effective from Koha item type
    Library of Congress Classification   Luxembourg Library Luxembourg Library High School Section 09/06/2013   TX 740 .T215 1995 5109 09/06/2013 1 09/06/2013 Books

Tasty starters and salads /

APA

(1995). Tasty starters and salads. London: Grange Books.

Chicago

1995. Tasty starters and salads. London: Grange Books.

Harvard

(1995). Tasty starters and salads. London: Grange Books.

MLA

Tasty starters and salads. London: Grange Books. 1995.

  • Place hold
  • Print
  • Cite
  • Add to your cart (remove)
  • Save record
    BIBTEX Dublin Core MARCXML MARC (non-Unicode/MARC-8) MARC (Unicode/UTF-8) MARC (Unicode/UTF-8, Standard) MODS (XML) RIS
  • More searches
    Search for this title in:
    Other Libraries (WorldCat) Other Databases (Google Scholar) Online Stores (Bookfinder.com) Open Library (openlibrary.org)

Exporting to Dublin Core...

SOUTHVILLE LIBRARY

Southville International School and Colleges Library

1281 Tropical Ave. Cor. Luxembourg St., BF Homes International, Las Pinas City

Tel. No. 8256374 / 252358 Loc. 117/146

Powered by Koha